Defining facilities management service delivery in UK shopping centres (Record no. 81840)
[ view plain ]
| 000 -LEADER | |
|---|---|
| fixed length control field | 01254cab a22002175a 4500 |
| 001 - CONTROL NUMBER | |
| control field | L148449 |
| 008 - FIXED-LENGTH DATA ELEMENTS--GENERAL INFORMATION | |
| fixed length control field | 090921s2009 xxk df 000 0 eng d |
| 035 ## - SYSTEM CONTROL NUMBER | |
| System control number | (Sirsi) u148449 |
| 041 0# - LANGUAGE CODE | |
| Language code of text/sound track or separate title | eng |
| 100 1# - MAIN ENTRY--PERSONAL NAME | |
| Personal name | Musa, Zairul N. |
| 245 00 - TITLE STATEMENT | |
| Title | Defining facilities management service delivery in UK shopping centres |
| 260 ## - PUBLICATION, DISTRIBUTION, ETC. | |
| Date of publication, distribution, etc. | 2009 |
| 490 #0 - SERIES STATEMENT | |
| Series statement | Journal of Retail and Leisure Property |
| Volume/sequential designation | 8(3) August 2009, 193-205(13) |
| 520 ## - SUMMARY, ETC. | |
| Summary, etc. | Facilities management (FM) service delivery in UK shopping centres has not been researched in depth in the past. Awareness of the FM market in the retail sector is consequently poor. Examines the development of UK shopping centres and provides a typology of shopping centres. Outlines the true business of shopping centres and emphasises the vital role of quality operational management to the success of shopping. Defines FM services and analyses the trends and challenges of FM service delivery in UK shopping centres. Tables. References. |
| 590 ## - LOCAL NOTE (RLIN) | |
| Local note | KA |
| 651 #4 - SUBJECT ADDED ENTRY--GEOGRAPHIC NAME | |
| Geographic name | United Kingdom |
| Chronological subdivision | |
| 690 ## - LOCAL SUBJECT ADDED ENTRY--TOPICAL TERM (OCLC, RLIN) | |
| Topical term or geographic name as entry element | MANAGEMENT-FACILITIES MANAGEMENT |
| 690 ## - LOCAL SUBJECT ADDED ENTRY--TOPICAL TERM (OCLC, RLIN) | |
| Topical term or geographic name as entry element | PROPERTY-COMMERCIAL PROPERTY-RETAIL PROPERTY- SHOPPING CENTRE, MALL AND ARCADE PROPERTY- SHOPPING CENTRES, MALLS AND ARCADES |
| 700 1# - ADDED ENTRY--PERSONAL NAME | |
| Personal name | Pitt, Michael |
| 942 ## - ADDED ENTRY ELEMENTS (KOHA) | |
| Suppress in OPAC | 0 |
| Withdrawn status | Lost status | Source of classification or shelving scheme | Damaged status | Not for loan | Home library | Current library | Shelving location | Date acquired | Total Checkouts | Full call number | Barcode | Date last seen | Copy number | Price effective from | Koha item type |
|---|---|---|---|---|---|---|---|---|---|---|---|---|---|---|---|
| Dewey Decimal Classification | London | London | Journal article | 21/09/2009 | L148449 | 148449-1001 | 06/08/2019 | 1 | 06/08/2019 | Journal article |